[Event "Høstturneringen 2017"]
[Site "Ås, Akershus NOR"]
[Date "2017.11.02"]
[Round "7"]
[White "Bø, Martin"]
[Black "Rønbeck, Bjørn"]
[Result "1-0"]
[WhiteElo "1471"]
[BlackElo "1130"]
[Annotator "Bø, Martin"]
[PlyCount "101"]
[EventDate "2017.08.31"]

1. d4 d5 2. Nf3 Nf6 3. c4 e6 4. g3 Be7 5. Bg2 O-O 6. O-O Nbd7 7. Nc3 c6 8. Qc2
b6 9. e4 dxe4 10. Nxe4 Bb7 11. Rd1 {Hvit har en marginal fordel ut av åpningen
med bedre sentrumskontroll og aktive offiserer} Qc8 12. Bf4 Nxe4 13. Qxe4 Nf6
14. Qe2 c5 $2 {Sort overser 15.d5! og at -bonden er i en binding} 15. d5 $1 Rd8
16. Ng5 $6 {Kanskje ikke det mest presise, men tvinger frem en stilling som er
klart best for hvit med minst bonde over. Kandidattrekket mitt var Lh3 som er
veldig sterkt, men ville ikke gi sort muligheten til å ofre offiser for 2
bønder og en "stabilisert" stilling. F.eks} (16. Bh3 Nxd5 17. cxd5 Bxd5 18. Rd2
Qb7 {Og sort får litt motspill, selv om det ikke er i nærheten av nok
kompensasjon for offiseren}) 16... h6 17. Nxf7 $1 Kxf7 18. Qxe6+ (18. Bh3 $1
Kf8 19. Bxe6 Rd7 {Alle andre trekk taper da sorts dronning er fanget} 20. Qe3
Ba6 21. Bxh6 Qe8 (21... gxh6 22. Qxh6+ Ke8 23. Qh8+ Bf8 24. Qxf6 Qb7 25. Re1 {
med matt innen et par trekk}) 22. b3 Bd6 23. Bg5 {Hvit står nå med 3 bønder og
en ganske knusende stilling for en offiser}) 18... Kf8 19. Qxc8 Raxc8 20. d6
Bxg2 21. dxe7+ Kxe7 22. Kxg2 Rd4 23. Rxd4 cxd4 24. b3 d3 25. Rd1 Rd8 26. Kf3 g5
27. Be5 Nd7 28. Bd4 Ke6 29. Ke3 Kf5 30. h3 g4 31. hxg4+ Kxg4 32. Rxd3 Re8+ 33.
Kd2 Nf8 34. Bg7 Ne6 35. Bxh6 Nc5 36. Re3 Rh8 37. Bf4 Kf5 38. Re7 Ne4+ 39. Ke2
Nc3+ 40. Kf3 Ra8 41. a3 a6 42. g4+ Kf6 43. Re3 Nb1 44. b4 Nd2+ 45. Ke2 Nxc4 46.
Rc3 b5 47. Kf3 Rd8 48. Be3 Rd1 49. Kf4 Ra1 50. Rxc4 bxc4 51. Bd4+ 1-0

[Event "Høstturneringen 2017"]
[Site "Ås, Akershus NOR"]
[Date "2017.11.02"]
[Round "7"]
[White "Bakken, Svein-Erik"]
[Black "Kielland-Lund, Jon"]
[Result "1/2-1/2"]
[WhiteElo "1363"]
[BlackElo "1502"]
[Annotator "Kielland-Lund,Jon"]
[PlyCount "77"]
[EventDate "2017.08.31"]

1. d4 d5 2. c4 c6 3. Nc3 dxc4 4. a4 e5 5. dxe5 Qxd1+ 6. Nxd1 Bb4+ 7. Bd2 Bxd2+
8. Kxd2 Be6 9. Nc3 $6 (9. e4 {skulle gi helt likt spill, nå får svart
initiativet}) 9... Nd7 10. Nf3 O-O-O 11. Kc2 Ne7 12. Nd4 Nxe5 13. Nxe6 fxe6 14.
f4 Ng4 15. e4 Ne3+ 16. Kb1 Nxf1 17. Rxf1 Rd2 18. Rg1 Rf8 19. g3 Rxh2 20. Ka2
Rd8 21. Rad1 $5 Rdd2 22. Rxd2 Rxd2 23. Kb1 h6 24. Kc1 Rd4 25. g4 Kd7 26. Rg3
Kd6 27. Kc2 Rd3 $2 (27... Ng6 {burde vinne, men svart fryktet} 28. g5 h5 29. f5
) 28. Rxd3+ cxd3+ 29. Kxd3 e5 30. f5 Kc5 31. Na2 a5 32. Kc3 Ng8 33. b4+ axb4+
34. Nxb4 Nf6 35. Nd3+ Kd6 36. Nf2 b6 37. Kc4 Nd7 38. Nd3 Nf6 39. Nf2 {Og man
tok remis. Det var nok vinst med c5 i følge stockfish.} 1/2-1/2

[Event "Høstturneringen 2017"]
[Site "Ås, Akershus NOR"]
[Date "2017.11.02"]
[Round "7"]
[White "Olsen, Trygve"]
[Black "Lea, Per"]
[Result "0-1"]
[WhiteElo "1271"]
[BlackElo "1470"]
[Annotator "Lea, Per"]
[PlyCount "102"]
[EventDate "2017.08.31"]

1. e4 e5 2. Nf3 Nc6 3. c3 d5 (3... Nf6 {er oftere spilt, men svarts håp er at
hvit skal slå på d5. Da kan han trygt slå tilbake med dronninga, siden bonden
på c3 hindrer at springeren utvikles med trussel på Dd5.}) 4. Bd3 {En smule
slapt, blant annet fordi det stenger for d-bonden; hele poenget med 3. c3 er
jo å følge opp med d2-d4.} ({Det som regnes som hvits beste alternativ, er} 4.
Qa4 {som også ble spilt i blant annet Anders Sten Johansen - Per Lea,
Høstturnering Ås Sjakklubb 1985. Der ble fortsettelsen:} f6 5. Bb5 Nge7 6. exd5
Qxd5 7. d4 e4 (7... a6 8. Bc4 Qe4+ 9. Be3 Qg6 10. Nbd2 Bd7 (10... Qxg2 $4 11.
Rg1 Qh3 12. dxe5 Bd7 13. e6 Bc8 {ser ikke særlig fristende ut for svart}) 11.
dxe5 Nxe5 12. Nxe5 Bxa4 13. Nxg6 hxg6 $11) 8. c4 Qf5 9. d5 $4 (9. Ng1 {var
nødvendig, og ville gitt hvit en ørliten fordel. Teksttrekket taper forsert.})
9... exf3 10. dxc6 Qe4+ (10... Qe6+ {var enda bedre}) 11. Be3 Nxc6 12. Nc3 fxg2
13. Rg1 Qf3 14. Nd5 $2 (14. c5) 14... Bd6 15. Bxc6+ bxc6 16. Qxc6+ Kf7 17. Qxa8
Bg4 {og hvit ga opp}) (4. Bb5 {er spilt en del.} f6 5. c4 $4 {men her trår
hvit helt feil} dxe4 6. Qa4 exf3 7. Bxc6+ bxc6 8. Qxc6+ Bd7 {og svart vant
greit med sin meroffiser (Reidar Hansen - Per Lea, Oslomesterskapet for lag
fra høyere skoler 1966)}) (4. exd5 Qxd5 5. c4 Qa5 {skjedde både i Jon Eirik
Brennvall - Per Lea, Høstturnering, As Sjakklubb 1994 og Trygve Olsen - Per
Lea, Høstturnering Follo, 2012. Svart vant begge partiene.}) 4... Nf6 5. Qe2
Bg4 6. Qe3 {To dronningtrekk etter 6 trekk kan neppe være godt} Be7 {Et litt
slapt svar som ikke straffer hvits dronningflaksing} (6... dxe4 7. Bxe4 Nxe4 8.
Qxe4 f5 9. Qc4 Qf6) (6... d4 7. Qe2 (7. cxd4 exd4 8. Qe2 Ne5 {og hvit sliter})
7... Nh5 8. Bb5 Nf4 9. Qf1 {med klar fordel for hvit}) 7. Bb5 Bxf3 8. Bxc6+
bxc6 9. gxf3 c5 10. d4 exd4 11. cxd4 cxd4 12. Qxd4 dxe4 13. Qa4+ Qd7 14. Qxd7+
Kxd7 15. f4 {Svart har vunnet en bonde, og hvit har isolerte bønder i f-linja.
Det bør gi klar fordel, men hvit klarer å få til noen ekle småstrusler som
svart må bruke mye tid på å komme seg unna.} Bb4+ 16. Ke2 Rhe8 17. Rd1+ Kc6 18.
Be3 Nd5 19. a3 Bd6 20. Rxd5 $2 {Hvit har store problemer og tyr derfor til
drastiske metoder. Uten dronninger på brettet er ikke den svarte kongen så
veldig utsatt, selv i sentrum.} Kxd5 21. Nc3+ Kc6 22. Rc1 Kb7 23. b4 f5 24. Na4
Rad8 25. Nc5+ Ka8 ({I varianten} 25... Bxc5 26. Rxc5 g6 27. Rb5+ {trodde jeg at
} Ka8 28. Ra5 {var skummelt, men etter} Rd3 29. Rxa7+ Kb8 30. Ra5 Red8 31. a4
Rd1 {mener Stockfish at svart har full kontroll}) 26. a4 h6 27. Na6 Re7 28. h4
Rf8 29. Rc6 Rf6 30. b5 Kb7 31. Nc5+ {Denne gangen finner jeg ut at jeg må slå
på c5} Bxc5 32. Rxf6 {og dette gjør jobben lettere for svart} (32. Rxc5 Rd7 {
er riktig nok bare marginalt bedre enn tårnbyttet på f6}) 32... gxf6 33. Bxc5
Rg7 34. Bd4 Rg4 35. Bxf6 Rxf4 36. a5 c6 37. a6+ Kb6 38. bxc6 Kxc6 39. Bd4 Kb5
40. Bxa7 Rxh4 41. Ke3 Kxa6 42. Bb8 Kb5 43. Kd4 Kc6 44. Ke5 Rh5 45. Ba7 Rg5 46.
Be3 Rh5 47. Kf6 Kd5 48. Kg6 Rh3 49. Bxh6 Rxh6+ 50. Kxh6 f4 {"Svarte bønder går
fortest!"} 51. Kg5 e3 0-1

[Event "Høstturneringen 2017"]
[Site "Ås, Akershus NOR"]
[Date "2017.11.02"]
[Round "7"]
[White "Samset, Jon"]
[Black "Midtgard, Anders"]
[Result "0-1"]
[WhiteElo "1103"]
[BlackElo "1185"]
[Annotator "Lea, Per"]
[PlyCount "48"]
[EventDate "2017.08.31"]

1. c4 f5 2. d4 Nf6 3. Bg5 Ne4 4. Nf3 (4. Bf4 {er det desidert mest spilte her.
Den eneste forekomsten av teksttrekket vi har klart å oppspore, ble spilt det
russiske mesterskapet for damer under 26 år i 2012 - mellom spillere med
FIDE-rating 1500-1600. Til sammenlikning har medlemmene i Follo sjakkforening
med den slik FIDE-rating ca 1200-1300 i NSF-rating.}) 4... Nxg5 5. Nxg5 e5 6.
Nf3 e4 7. Nfd2 e3 {Det spørs om dette offeret hadde så veldig mye for seg. Det
åpner rett nok opp hvits kongestilling, men det hadde sannsynligvis vært bedre
å beholde e-bonden.} 8. fxe3 g6 9. Nf3 Bh6 10. Qd3 Qe7 11. Kd2 (11. Nc3 Bxe3 $4
(11... Qxe3 12. Qxe3+ Bxe3 13. Nd5 {vinner minst en kvalitet}) 12. Nd5 $1 Bf2+
13. Kxf2 Qd6 {med vinststilling for hvit}) 11... b6 12. Nc3 Bb7 13. d5 $2 ({
Etter} 13. Nd5 Bxd5 14. cxd5 {får svart en litt vanskeligere jobb}) 13... Na6
14. Qd4 Bg7 15. Qf4 d6 (15... Nc5 {eller rokade - lang eller kort - var å
foretrekke her}) 16. Ng5 $2 (16. Nd4 {er et mye bedre sted for springeren})
16... Be5 17. Qf2 Qxg5 {Med offiser over er resten plankekjøring} ({Til og med
} 17... Nc5 {kan spilles her; på} 18. Nf3 {følger} Bxc3+ 19. Kxc3 Ne4+ {med
dronningfangst}) 18. g3 Nc5 19. Bg2 O-O 20. Rab1 Rae8 21. Kc2 Bxc3 22. bxc3
Rxe3 23. Rhf1 Rfe8 24. Rbe1 Qf6 {Det er matt i høyst 9 trekk: svart starter
med 25...Dxc3} 0-1

[Event "Høstturneringen 2017"]
[Site "Ås, Akershus NOR"]
[Date "2017.11.02"]
[Round "7"]
[White "Moberg, Jan Rune"]
[Black "Simonsen, Steinar"]
[Result "1-0"]
[WhiteElo "1520"]
[BlackElo "1208"]
[Annotator "Lea, Per"]
[PlyCount "167"]
[EventDate "2017.08.31"]

1. e4 e5 2. d3 {En sikker måte å få svart ut av fatningen på - her er det lett
for en som ikke kjenner unge Moberg fra før å tenke: "Han der kan'ke ha mye
greie på sjakk"} Nf6 3. Be2 Nc6 4. c3 ({Etter} 4. Nf3 {hadde vi fått en
stilling som har vært spilt noen hundre ganger tidligere, men med en annen
trekkrekkefølge}) 4... Be7 5. Nf3 O-O 6. O-O d5 7. Nbd2 dxe4 8. dxe4 b6 9. Qc2
(9. b4 {ble spilt i Stverak - Bubula, det tsjekkiske lagmesterskapet i 2004.
Selv om hvit vant det partiet, ser Jan Runes trekk mer naturlig ut}) 9... a5
10. Bb5 Bb7 11. Re1 Bd6 12. Nf1 Ne7 13. Ng3 c6 14. Bf1 Ng6 15. Be3 Ng4 16. Rad1
Nxe3 17. Rxe3 Qc7 18. Red3 Rad8 19. Nf5 Bc5 20. g3 Rxd3 21. Qxd3 Bc8 22. Bh3
Be6 23. b3 Ne7 24. N3h4 Ng6 25. Kg2 Nxh4+ 26. gxh4 Bxf5 27. Bxf5 g6 28. Bg4 h5
29. Be2 Be7 30. Qg3 Kh7 31. Bc4 $2 {Et slag i løse lufta. Nå begynner svart å
få et visst initiativ. Løpertrekket er et rent tempotap, hvis da ikke hvit
regnet svarts svartrekk som en svekkelse. Stockfish er i så fall ikke enig i
den vurderingen.} b5 32. Be2 Rg8 33. Qh3 f5 $2 {Kaster bort hele fordelen} (
33... Rd8 {er en bedre måte å hindre at hvits tårn kommer til d7}) 34. Kf1 (34.
exf5 gxf5+ 35. Kh1 Qc8 36. Qf3 (36. c4 Qe6 37. cxb5 cxb5) 36... Rg6 37. Qxh5+
Kg7 38. c4 {og hvit beholder en liten fordel}) 34... Rf8 35. a4 {Nå er det
plutselig svart som sitter i førersetet} (35. exf5 Rxf5 36. Bxh5 Qb6 37. Rd2
Rxh5 38. Rd7 Qc5 39. Qe6 Kh6 40. Qxe7 Qxe7 41. Rxe7 Rxh4 42. Re8 {
"Tårnsluttspill er remis" (Anon.)}) 35... bxa4 36. bxa4 Qb6 37. Qg3 (37. Rd7 $1
Qb1+ 38. Kg2 Rf7 39. Bd3 Qa2 40. exf5 gxf5 41. Bxf5+ Kg8 42. Qe3 {med en liten
fordel for hvit}) 37... fxe4 38. Rd7 Rf7 $2 (38... Qc5 {og hvit har problemer
med å finne en fornuftig plan. Hvits dronning må gardere matten på f2}) 39. Bc4
Rg7 40. Qxe5 Bf6 41. Rxg7+ Bxg7 42. Qxe4 Qc7 43. Bd3 Qd6 44. f4 Bxc3 45. f5 Qf6
46. Qe8 Bd4 47. Kg2 c5 48. fxg6+ Kg7 49. Qd7+ Kf8 50. Bf5 Qe7 51. Qxe7+ Kxe7
52. Kf3 Kf6 53. Bc2 Bf2 $4 54. Ke4 $4 {Med et lite forbehold;
noteringsskjemaene er en smule mangelfulle/uleselige her} Bxh4 55. Kd5 Bf2 56.
Kc6 h4 57. h3 Bd4 58. Kb5 Be3 $4 {Taper så det synger etter! Svarts eneste
sjanse ligger i å beholde a-bonden. Da kan svarts løper forsvare både a- og
h-bonden fra e1. Hvis hvits konge truer a-bonden kan løperen gå uforstyrret i
diagonalen e1-b4, hvis kongen truer h-bonden, går løperen på diagonalen e1-g3.
Og hvis hvit bruker kongen for å føre g-bonden til dronning, passer svart på å
plassere sin konge på g7 før hvit kommer så langt. Etter teksttrekket er det
matt i 21 trekk i følge Stockfish.} 59. Kxa5 c4 60. Kb4 Bd2+ 61. Kxc4 Be1 62.
Kd5 Bd2 63. Ke4 Be1 64. Kf4 Kg7 65. Kg5 Bf2 66. a5 Bg3 67. a6 Bf2 68. Kf5 Be3
69. Ke5 Bf2 70. Kd5 Be3 71. Kc6 Bf2 72. Kb7 Be3 73. a7 Bxa7 74. Kxa7 Kf6 75.
Kb7 Kg7 76. Kc6 Kf6 77. Kd6 Kg7 78. Ke6 Kf8 79. Kf6 Kg8 80. Kg5 Kg7 81. Kh5 Kg8
82. Kh6 Kh8 83. g7+ Kg8 84. Bb3# 1-0

[Event "Høstturneringen 2017"]
[Site "Ås, Akershus NOR"]
[Date "2017.11.16"]
[Round "7"]
[White "Johnson, David"]
[Black "Furnes, Torstein"]
[Result "1/2-1/2"]
[WhiteElo "1452"]
[BlackElo "1583"]
[Annotator "Furnes, Torstein"]
[PlyCount "104"]
[EventDate "2017.??.??"]

1. e4 c5 2. Nc3 Nc6 3. Nf3 d6 4. d4 cxd4 5. Nxd4 e5 6. Nb3 Nf6 7. Bg5 Be7 8.
Bc4 O-O 9. a3 a6 ({Fritz vil spille} 9... Nxe4 $1 10. Nxe4 (10. Bxe7 $6 Nxc3
11. Bxd8 Nxd1 12. Rxd1 Rxd8 $17) 10... Bxg5 11. Nxd6 $15) 10. Qd2 b5 11. Bd3
Be6 12. Bxf6 Bxf6 13. Nd5 Bg5 14. Qe2 Rc8 15. O-O Ne7 16. f4 exf4 17. Nxf4 Bxf4
18. Rxf4 Ng6 19. Rf2 Ne5 20. Nd4 Bg4 21. Qe3 Qh4 22. Raf1 Bd7 23. Nf3 Qh5 24.
Qf4 Ng4 25. Rd2 Qc5+ 26. Kh1 h6 27. c3 g5 28. Qg3 h5 29. Nd4 h4 30. Qf3 Qe5 31.
g3 h3 32. Nf5 Bxf5 33. exf5 Nf6 34. Bb1 g4 35. Qd1 Rcd8 36. Rf4 Rfe8 37. Rf1 d5
38. Rd4 Qe2 39. Rd2 Qxd1 40. Rdxd1 $6 $19 {Fritz liker ikke at hvit slår igjen
med dette tårnet og dermed tillater svart å innta 2. raden. Fritz-vurderingen
øker svarts fordel fra -0.5 til -2.8.} Re2 {Svart har nå et og et halvt minutt
igjen på klokken. Resten av trekkene baserer seg dermed på bonustiden på 30
sekunder pr trekk.} 41. b3 Rde8 (41... Rc8 42. Rc1 Re3 43. c4 dxc4 44. bxc4
Rxc4 45. Rxc4 bxc4 $19) 42. Bd3 R2e3 (42... Ra2 43. Ra1 Rg2 44. Rfe1 Rxe1+ 45.
Rxe1 Rb2) 43. Kg1 Kg7 (43... Rc8) 44. c4 dxc4 45. bxc4 bxc4 (45... Rd8 46. Bc2
Rxd1 47. Bxd1 bxc4) 46. Bxc4 Rxa3 47. Ra1 Rxa1 48. Rxa1 Re5 49. Bd3 a5 50. Kf2
Kh6 51. Ra4 Kg5 52. Kf1 Rd5 1/2-1/2

[Event "Høstturneringen 2017"]
[Site "Ås, Akershus NOR"]
[Date "2017.11.16"]
[Round "8"]
[White "Midtgard, Anders"]
[Black "Bø, Martin"]
[Result "1-0"]
[WhiteElo "1185"]
[BlackElo "1471"]
[Annotator "Lea, Per"]
[PlyCount "59"]
[EventDate "2017.08.31"]

1. e4 c5 2. Nf3 d6 3. d4 cxd4 4. Nxd4 Nf6 5. Nc3 g6 6. Be3 Bg7 7. f3 O-O 8. Qd2
Nc6 9. O-O-O Bd7 10. g4 Rc8 11. h4 a6 12. h5 b5 13. Nxc6 Rxc6 14. Bh6 Bh8 {
Svart vil sannsynligvis bevise at "drageløperen" er verdt like mye som et tårn,
men det er vel heller tvilsomt om dette stemmer...} 15. e5 (15. hxg6 {er et
interessant alternativ}) 15... dxe5 16. Bxf8 Kxf8 17. g5 $4 Rd6 $1 {Plutselig
er svart med igjen...} 18. Qe2 Rxd1+ (18... Nxh5 {og hvis det er noen som har
fordel nå, så er det svart}) 19. Qxd1 Nxh5 20. Bh3 e6 21. Kb1 Qe7 22. Bg4 Ng3
23. Rh3 (23. Rxh7 Kg8 24. Rxh8+ (24. Rh3 b4 25. Nd5 exd5) 24... Kxh8 25. Qe1
Qxg5 26. Qxg3 Kg7) 23... Nf5 (23... b4 {med utlikning i flg. Stockfish}) 24.
Rxh7 Kg8 $2 {Går ned for full musikk, men alternativene var ikke særlig
forlokkende heller.} (24... Bg7 25. Ne4 Bc6 26. Qh1 Ke8 27. Bxf5 exf5 28. Rxg7
fxe4 29. Qh8+ Kd7 30. Qh3+ Kd8 31. fxe4 {bør være relativt lett vunnet for hvit
}) 25. Qh1 Bg7 26. Ne4 Qd8 27. Bxf5 gxf5 28. Rxg7+ Kf8 (28... Kxg7 29. Qh6+ Kg8
30. Nf6+ Qxf6 31. gxf6) 29. Qh8+ Ke7 30. Rxf7+ 1-0

[Event "Høstturneringen 2017"]
[Site "Ås, Akershus NOR"]
[Date "2017.11.09"]
[Round "8"]
[White "Lea, Per"]
[Black "Johnson, David"]
[Result "0-1"]
[WhiteElo "1470"]
[BlackElo "1452"]
[Annotator "Lea, Per"]
[PlyCount "108"]
[EventDate "2017.08.31"]

1. e4 e5 2. Nf3 Nc6 3. Bb5 f5 4. Nc3 Nf6 ({Mot Jon Samset i runde 3 ble det
spilt} 4... fxe4 5. Nxe4 d5 6. Nxe5 Bd7 $4 7. Qh5+ g6 8. Nxg6 hxg6 9. Qxh8 $2 {
Som den griske materialist jeg er, valgte jeg dette framfor å spille på
kongeangrep} (9. Qxg6+ Ke7 10. d4 {og svart står overfor uløselige problemer,
f.eks.:} Bh6 11. Bxh6 Rxh6 12. Qg7+ Ke8 13. Qxg8+ Ke7 14. Qg7+ Ke8 15. Qxh6))
5. d3 ({Det enkle} 5. exf5 {vinner en bonde som svart får problemer med å
vinne tilbake}) 5... fxe4 6. dxe4 d6 7. Bg5 Be7 8. Nd5 O-O (8... Nxe4 9. Bxe7
Qd7 10. Nh4 {ville vært en katstrofe for svart}) (8... Nxd5 9. Qxd5 Bd7 10. Be3
{gir lik stilling}) 9. Nxe7+ ({På ChessBase finner jeg 6 partier med denne
stillingen, 2 av dem fortsatte med} 9. Bc4) ({3 av dem med} 9. Nxf6+ {
Teksttrekket fant jeg bare i ett parti, Hussein - Vasquez, sjakk-OL 1990}) 9...
Nxe7 10. Bc4+ Kh8 11. Bxf6 ({Hussein - Vasquez fortsatte med} 11. Qd3 {og
partiet ble remis etter 62 trekk}) 11... Rxf6 12. Ng5 Qf8 (12... Qe8 {er en
enda bedre måte å kvele hvits "angrep" på i fødselen. Nå kommer aldri madam'en
til h5.}) 13. Qh5 h6 14. Nf7+ Kh7 15. Ng5+ Kh8 16. f3 $2 ({Svarts beste
mulighet var å forsere remis ved evig sjakk med} 16. Nf7+ {Nå går initiativet
over til svart}) (16. h4 {var eneste spillbare alternativ}) 16... Rg6 $2 {Nå
er det svarts tur til å misbruke sine sjanser} (16... g6 {gir vinststilling
for svart, men selv om jeg hadde sett dette trekket på forhånd, trodde jeg at
jeg kunne komme meg ut av det.} 17. Qh4 Rf4 18. g4 Kg7 $1 {Det var dette
poenget jeg hadde oversett. Etter at springeren flytter, faller bonden på f3,
deretter blir bøndene på e4 og g4 svake og faller etter hvert.}) 17. h4 {Nå er
det plutselig balanse i regnskapet igjen} Bd7 18. O-O-O Be8 19. Qg4 Rd8 20. Qh3
Qf6 {Etter} 21. Qh2 {er det hvit som har fordel} ({Etter} 21. g3 {er det hvit
som har fordel}) 21... c6 (21... b5 {er bedre og kan følges opp med bondestorm
på dronningfløyen}) 22. Nh3 $4 ({Overser} 22. Ne6 $1 {som foruten tårnet på c8
truer å vinne det andre tårnet med h4-h5. Jeg forkastet trekket fordi jeg
fryktet at springeren var fortapt på e6.}) 22... d5 $2 ({Her skjer det mye rart
} 22... Qxh4 {utlikner}) 23. h5 Rg5 24. Nxg5 Qxg5+ 25. f4 $4 {Kaster bort en
avgjørende bonde. Tanken var at jeg slukke unngå å miste løperen hvis jeg
flyttet unna kongen, men bonden på d5 er jo bundet.} exf4 26. Kb1 Ng8 27. Qh4 (
27. exd5 cxd5 28. Be2 {beholder en stor fordel}) 27... Nf6 28. Qxg5 hxg5 29.
exd5 cxd5 30. h6 g6 31. Rhe1 Bc6 32. Re6 Rf8 33. Be2 Rf7 34. Rh1 Kh7 35. Kc1
Ne4 36. Bf3 Nf6 37. c4 {Nå er det igjen svart som overtar initiativet - denne
gang for godt} g4 38. Be2 dxc4 39. Bxc4 $2 Bxg2 40. Rg1 f3 41. Bf1 Bxf1 42.
Rxf1 Kxh6 {Svarts fribønder avgjør enkelt} 43. Rf2 Kg5 44. Kd2 Kf4 45. Rf1 g3
46. Ke1 Rf8 47. a3 g5 48. b4 Ne4 49. Re7 f2+ 50. Ke2 Nc3+ 51. Kd2 Ne4+ 52. Ke2
Rd8 53. Rf7+ Kg4 54. Rf3 g2 {Et morsomt, men langt fra feilfritt parti, hvor
sjansene svingte!} 0-1

[Event "Høstturneringen 2017"]
[Site "Ås, Akershus NOR"]
[Date "2017.11.09"]
[Round "8"]
[White "Furnes, Torstein"]
[Black "Rønbeck, Bjørn"]
[Result "1-0"]
[WhiteElo "1583"]
[BlackElo "1130"]
[Annotator "Furnes, Torstein"]
[PlyCount "45"]
[EventDate "2017.08.31"]

1. d4 Nf6 2. c4 e5 3. dxe5 Ng4 4. Nf3 Nc6 5. Bf4 Bb4+ 6. Nbd2 O-O {Dette
rokadetrekket er spilt i bare 6 av de 4858 partiene med denne stillingen hos
ChessBase. Den vanligste fortsettelsen (4641 partier) er 6.-De7.} 7. a3 ({
Fritz mener at hvit får en fordel på +1.5 etter} 7. h3 Nh6 8. a3 $16) 7... Bc5
$6 $16 ({Svart bør heller spille} 7... Bxd2+ 8. Qxd2) 8. Ne4 Be7 9. Qd2 {Ideen
med dette trekket var å true h3 Sh6 Lxh6 gxh6 Dxh6.} ({Men det var bedre å
spille} 9. h3 Nh6 10. g4) 9... Re8 (9... f6 {er førstevalget til Fritz.}) 10.
h3 Ngxe5 (10... Nh6 11. Bxh6 gxh6 12. Qxh6 {gir hvit avgjørende angrep.}) 11.
Nxe5 Nxe5 12. Bxe5 Bf8 13. Qf4 Bd6 $2 $18 {Tapstrekket.} ({Svart må spille} 
13... Qe7 {som vinner tilbake offiseren.} 14. Nf6+ gxf6 15. Bxf6 Qe4 16. Qxc7
$16) 14. Bxd6 cxd6 15. Nxd6 Re7 16. Qd4 Re6 17. e3 a5 18. c5 Rb8 19. Bc4 Rf6
20. Nxf7 Rxf7 21. Bxf7+ Kxf7 22. Qf4+ Kg8 23. Qxb8 1-0